000 00290nam a22001217a 4500
008 190313b xxu||||| |||| 00| 0 eng d
041 _aeng
080 _a043.3
100 _a0
101 _aSHP-BA
245 _aKriza Lindore 1875-1878 dhe çështja shqiptare
_cFetahu,R
942 _2udc
_cBK
999 _c54736
_d54736